| 000 | 00458nam a2200157Ia 4500 | ||
|---|---|---|---|
| 008 | 160316s1983 xxu||||| |||| 00| 0 eng d | ||
| 082 |
_a11.530000 _bHER |
||
| 100 | _aHerman Edward | ||
| 245 | _aLocating United States government information : A guide to sources | ||
| 250 | _a | ||
| 260 |
_aNew York _bWilliam S. Hen & Company _c1983 |
||
| 300 |
_a250 _b _cvii |
||
| 365 | _bGratis | ||
| 650 | _a1. Government Publication - U S A - A Guide | ||
| 700 |
_a _a |
||
| 999 |
_c19406 _d19406 |
||